| 000 | 00884nam a2200253Ia 4500 | ||
|---|---|---|---|
| 003 | OSt | ||
| 005 | 20220926034835.0 | ||
| 006 | a|||||r|||| 00| 0 | ||
| 007 | ta | ||
| 008 | 220923b |||||||| |||| 00| 0 eng d | ||
| 020 |
_a0275994368 _c1766.1300000000001 |
||
| 037 |
_b499, 06/03/2009, TOTAL BOOKS INDIA _cGeneral Book |
||
| 040 |
_aRTL _cRTL _beng |
||
| 041 |
_2eng _aeng |
||
| 082 | _aY54:438.6.N42<-N41, P7 | ||
| 100 |
_aMitcham Samuel W. Jr. _9341266 |
||
| 245 | 0 |
_aRommel's desert commanders _b The man who served the desert fox, North Africa-1941-42 |
|
| 260 |
_aWestport _bPrager Security international _c2007 |
||
| 300 |
_ax,214p. _ccm. |
||
| 500 | _aBibliography: P.205-07 | ||
| 650 | _aSociology | ||
| 942 |
_hY54:438.6.N42<-N41, P7 _cGB _2CC |
||
| 999 |
_c660513 _d660513 |
||